Die griechische vorrevolutionare Presse : Wien-Paris (1784-1821) = Ο ελληνικός προεπαναστατικός αγώνας : Βιέννη-Παρίσι (1784-1821)
Αποθηκεύτηκε σε:
| Κύριος συγγραφέας: | |
|---|---|
| Μορφή: | Βιβλίο |
| Γλώσσα: | Greek |
| Δημοσίευση: |
Αθήνα :
Ίδρυμα Ελληνικού Πολιτισμού,
1995.
|
| Σειρά: | Wien: Werkstatte der neuen Philologie der Griechen
Βιέννη: το εργαστήριον της νέας των Γραικών φιλολογίας |
| Θέματα: | |
| Ετικέτες: |
Προσθήκη ετικέτας
Δεν υπάρχουν, Καταχωρήστε ετικέτα πρώτοι!
|
MARC
| LEADER | 00000cam a2200000 i 4500 | ||
|---|---|---|---|
| 001 | 1/74739 | ||
| 008 | 050401s1995####gr | | ||| |||| ||gre|| | ||
| 020 | |a 9607622014 | ||
| 035 | |l 10077492 | ||
| 040 | |a GR-MyUA |b gre |e AACR2 | ||
| 041 | 0 | |a gre | |
| 082 | 0 | |a 686.2209495 |2 (21) | |
| 100 | 1 | |a Κουμαριανού, Αικατερίνη, |d 1919-2012. | |
| 245 | 1 | 4 | |a Die griechische vorrevolutionare Presse : |b Wien-Paris (1784-1821) = Ο ελληνικός προεπαναστατικός αγώνας : Βιέννη-Παρίσι (1784-1821) / |c Αικατερίνη Κουμαριανού. |
| 246 | 1 | |i Παράλληλος τίτλος: |a Ο ελληνικός προεπαναστατικός τύπος : |b Βιέννη-Παρίσι (1784-1821) | |
| 260 | |a Αθήνα : |b Ίδρυμα Ελληνικού Πολιτισμού, |c 1995. | ||
| 300 | |a 224 σ. : |b εικ. ; |c 29 εκ. | ||
| 490 | 1 | |a (Wien: Werkstatte der neuen Phlologie der Griechen) | |
| 490 | 1 | |a (Βιέννη: το εργαστήριον της νέας των Γραικών φιλολογίας) | |
| 650 | 0 | 0 | |a Greek imprints |z Austria |z Vienna |x History. |
| 650 | 0 | 0 | |a Greek periodicals |z Austria |z Vienna |x History |y 18th century. |
| 650 | 0 | 0 | |a Greek periodicals |z Austria |z Vienna |x History |y 19th century. |
| 650 | 0 | 0 | |a Greek periodicals |z France |z Paris |x History |y 18th century. |
| 650 | 0 | 0 | |a Greek periodicals |z France |z Paris |x History |y 19th century. |
| 650 | 0 | 0 | |a Greek literature, Modern |x Periodicals |x History |y 18th century. |
| 650 | 0 | 0 | |a Greek literature, Modern |x Periodicals |x History |y 19th century. |
| 650 | 0 | 0 | |a Greek newspapers |z Austria |z Vienna |x History |y 18th century. |
| 650 | 0 | 0 | |a Greek newspapers |z Austria |z Vienna |x History |y 19th century. |
| 650 | 0 | 0 | |a Greek newspapers |z France |z Paris |x History |y 18th century. |
| 650 | 0 | 0 | |a Greek newspapers |z France |z Paris |x History |y 19th century. |
| 830 | 0 | |a Wien: Werkstatte der neuen Philologie der Griechen | |
| 830 | 0 | |a Βιέννη: το εργαστήριον της νέας των Γραικών φιλολογίας | |
| 852 | |a INST |b SAMOS |e 20050401 |h 686.2209495 KOY |p 005300022977 |q 005300022977 |t BK |y 0 | ||
| 901 | |a BIBL3-2005-1 | ||
| 909 | |a Σ |b 107673 | ||
| 970 | |a Μαλαγάρη |b Φωτεινή |z 2005/04/01 | ||